1093 1925 1315 1515 1499 1042 1770 1679 1690 1458 1552 1860 1456 1234 1877 1968 1813 1633 1292 1149 1472 1764 1231 1374 1477 1944 1689 1006 1862 1938 1587 1709 1796 1527 1489 1880 1868 1203 1087 1020 1409 1593 1767 1243 1841 1366 1084 1827 1417 1968 1030 1868 1491 1998 1648 1142 1983 1155 1335 1376 1578 1604 1818 1543 1785 1140 1358 1712 1078 1428 1728 1783 1305 1459 1336 1817 1578 1577 1851 1629 1631 1449 1777 1839 1871 1580 1837 1309 1301 1783 1603 1551 1019 1576 1249 1505 1975 1870 1115 BCNSPRNW ULIB Ver.6.0+V

เปลี่ยนเป็นภาษาไทย

Change to English
 แสดงรายละเอียดบรรณานุกรม
  กลับหน้าหลัก

Brief Record : Get Marc (ISO 2709) : E-mail record : QR code < ปิดหน้าต่าง
LEADER : 00000nam 2200000uu 4500
001    13399112595
003     ULIB
008    110826s2551||||th 000 0 tha d
020    9789740626619
050  4 HQ772^bS111ส 2551
110 2  ซัมซุงพับลิชิง คอมพานี
245 10 สมองซีกซ้ายพัฒนาได้ไร้ขีดจำกัด สำหรับ 5-6 ปี /^cซัมซุงพับลิชิง คอมพานี
250    พิมพ์ครั้งที่ 1
260    กรุงเทพฯ :^bนานมีบุ๊คส์พับลิเคชั่นส์ ,^c2551
300    96 หน้า :^bภาพประกอบ
945    ^p195^l0^i024690
945    ^p195^l0^i024691
995    ทศพร
999 ^a ทศพร
รายการนี้ยังไม่มีแท็ก
คุณยังไม่ได้ล็อกอิน คุณสามารถมีกิจกรรมร่วมกับเว็บไซต์ได้ แต่ต้องล็อกอินก่อน ::
  ล็อกอิน

รายการสื่อสารสนเทศ

ลำดับที่ ประเภท เลขเรียก/บาร์โค้ด สถานที่ สถานะ
- ไม่พบข้อมูล -

BibComment


ยังไม่เคยถูกคอมเมนท์

คอมเมนท์ทรัพยากรรายการนี้
  คอมเมนท์: สมองซีกซ้ายพัฒนาไ..


 Copyright 2026. Bcnsprnw @Library